10 Sub- Words Quiz Stats

 Plays Quiz Updated Jun 12, 2017

Support Sporcle.
Go Orange.
Score 0/10 Timer 03:00
1 Play Today
Question Answer Wrong Answers
To take away by or as if by deducting Subtract
97.2%
Subsist
0.3%
Subjugate
1%
Subsume
1.4%
An underground way such as a passage under a street, or an electric underground railway Subway
93.9%
Suburb
0.9%
Subduction
0.5%
Subpoena
0.2%
A person or thing that takes the place or function of another Substitute
92.9%
Substandard
0.3%
Subordinate
4.8%
Subjunctive
0.8%
A writ commanding a person designated in it to appear in court under a penalty for failure Subpoena
89.1%
Suborder
3.6%
Subfusc
0.5%
Subjection
2.8%
To bring under control and governance Subjugate
88%
Sublimate
6.4%
Substrate
3.1%
Sublate
1.8%
Being, living, occurring, or administered under the skin Subcutaneous
87.7%
Subconscious
4.9%
Subversive
4.8%
Subtle
0.7%
To become quiet or less Subside
86.4%
Substrate
1.7%
Sublate
4.3%
Subsume
5%
To have or acquire the necessities of life Subsist
81.3%
Subfusc
1.6%
Sublate
2.8%
Subsume
9.9%
Difficult to understand or perceive Subtle
71.8%
Subjective
15.9%
Subconscious
3.8%
Subpar
5.2%
The base on which an organism lives;
A substance acted upon by an enzyme
Substrate
71%
Subfusc
11.7%
Sublimate
10%
Subordinate
4.3%

You're not logged in!

Compare scores with friends on all Sporcle quizzes.
OR
Log In
Forgot?

From the Vault

Is It That Country?

by Mateo56

It's time to channel your inner cartographer.
Remove Ads.
Support Sporcle.
Get the best of Sporcle when you Go Orange. This ad-free experience offers more features, more stats, and more fun while also helping to support Sporcle. Thank you for becoming a member.

Show Comments

Extras

Top Quizzes Today


Score Distribution

Your Account Isn't Verified!

In order to create a playlist on Sporcle, you need to verify the email address you used during registration. Go to your Sporcle Settings to finish the process.

Report this User

Report this user for behavior that violates our Community Guidelines.

Details: